01163nam a2200241Ia 4500001001100000003001000011008004100021040002500062041001300087100003300100245002700133250001100160260005100171300001200222500017000234501011400404520017000518650001600688942000700704957000600711999004200717952016200759L653-26953IT-CnALBA170116s9999||||xx |||||||||||||| ||und|| aIT-CnALBAcIT-CnALBA aITALIANO aCIBO-OTTONE FRANCESCO, PROF. 0aCORSO DI STENOGRAFIA.  a1a ed. a AREZZO. ROMAbSTABILIMENTO TIPOGRAFICO.cn.d. a640 p.  aCENNI STORICI DI STENOGRAFIA. SEGNI. VOCALI. CONSONANTI. DITTONGHI. TRITTONGHI. POLITTONGHI. ABBREVIAZIONI DELLE PAROLE. PER UN BOCCONE DI PANE, DI CESARE CORRENTI.  aSocietà San Paolo EM - Piazza San Paolo, 14 - 12051 ALBA (CN) (non commercial uses only) ® Copyright 2017 aCENNI STORICI DI STENOGRAFIA. SEGNI. VOCALI. CONSONANTI. DITTONGHI. TRITTONGHI. POLITTONGHI. ABBREVIAZIONI DELLE PAROLE. PER UN BOCCONE DI PANE, DI CESARE CORRENTI.  aSTENOGRAFIA cBK 71 a31741bNOg Copie: 1 c286057d286057 0010406L_6532695371aALBAbALBAd2017-01-16l0oL653-26953r2017-01-16 00:00:00w2017-01-16yBKz(data import: 16 gennaio 2017) - By Epidotti, Vaglietti.